Russian Groups of Things - Statistics

General Stats
  • This quiz has been taken 1,452 times
  • The average score is 35 of 57
Answer Stats
Group Answer % Correct
Biggest Cities Moscow
97%
Bordering Countries China
96%
Biggest Cities Saint Petersburg
95%
Soviet Leaders Joseph Stalin
94%
Bordering Countries Kazakhstan
94%
Bordering Countries Mongolia
94%
Bordering Countries Ukraine
94%
Soviet Leaders Vladimir Lenin
94%
Bordering Countries Estonia
93%
Bordering Countries Latvia
93%
Post-Soviet Presidents Vladimir Putin
93%
Bordering Countries Belarus
92%
Bordering Countries Finland
92%
Bordering Countries Lithuania
92%
Bordering Countries Georgia
91%
Items on the Soviet Flag Hammer
90%
Bordering Countries Azerbaijan
88%
Bordering Countries North Korea
87%
Soviet Leaders Mikhail Gorbachev
85%
Bordering Countries Poland
85%
Longest Rivers Volga
82%
Items on the Soviet Flag Sickle
81%
Bordering Countries Norway
80%
"Great" Tsars Peter I
80%
Items on the Soviet Flag Star
80%
"Great" Tsars Catherine II
75%
Post-Soviet Presidents Boris Yeltsin
72%
Soviet Leaders Nikita Khrushchev
70%
Largest Ethnic Groups Russians
70%
Bordering Non-Arctic Seas Black Sea
68%
Bordering Non-Arctic Seas Baltic Sea
65%
Bordering Non-Arctic Seas Sea of Japan
61%
Bordering Non-Arctic Seas Caspian Sea
59%
Soviet Leaders Leonid Brezhnev
54%
Major Fyodor Dostoevsky Works Crime and Punishment
50%
Biggest Cities Yekaterinburg
50%
Biggest Cities Nizhny Novgorod
47%
Largest Ethnic Groups Ukrainians
46%
Biggest Cities Novosibirsk
43%
Post-Soviet Presidents Dmitry Medvedev
42%
Largest Ethnic Groups Tatars
41%
Bordering Non-Arctic Seas Bering Sea
40%
Longest Rivers Ob
40%
Soviet Leaders Yuri Andropov
35%
Longest Rivers Lena
32%
Major Fyodor Dostoevsky Works The Brothers Karamazov
30%
Major Fyodor Dostoevsky Works The Idiot
25%
Biggest Cities Samara
24%
Longest Rivers Yenisei
24%
Soviet Leaders Konstantin Chernenko
23%
Bordering Non-Arctic Seas Sea of Azov
19%
Bordering Non-Arctic Seas Sea of Okhotsk
18%
Longest Rivers Irtysh
10%
Largest Ethnic Groups Armenians
9%
Major Fyodor Dostoevsky Works Notes from Underground
8%
Major Fyodor Dostoevsky Works Demons
7%
Major Fyodor Dostoevsky Works Poor Folk
3%
No matching quizzes found
Score Distribution
Percent of People with Each Score
Percentile by Number Answered
Your Score History
You have not taken this quiz